000 02092nam0a2200325 4500
001 RU\NLR\bibl\78874
005 20260407054108.0
010 _a5-7972-015-8
_9150
021 _aRU
_b1999-49824
_92472
035 _a(NLR Aleph) 000077001
090 _a427240
_c427240
100 _a20000405d1999 |||y0rusy50 ca
101 0 _arus
102 _aRU
105 _ay |||||||||
200 1 _aФинансово-кредитная политика: противоречия, пути решения
_eТез. докл. и выступлений регион. науч.-практ. конф. студентов и молодых ученых
_f[Редкол.: К.В. Кочмола (отв. ред.) и др.]
210 _aРостов н/Д
_cИзд-во РГЭА
_d1999
215 _a127 с.
_d20
300 _aВ надзаг.: М-во общ. и проф. образования Рос. Федерации, Рост. гос. экон. акад., Фин. ин-т
606 0 _aФинансово-кредитная система
_jТезисы докладов
_yРоссийская Федерация
_92125864
_3RU\NLR\auth\661283190
686 _aУ26(2)11я431
702 1 _aКочмола
_bК. В.
_4340
711 1 2 _aРегиональная научно-практическая конференция студентов и молодых ученых на тему "Проблемы банковского дела в современной России"
_f1999
_eРостов-на-Дону
_3RU\NLR\AUTH\8810024226
_9546614
711 1 2 _aРегиональная научно-практическая конференция студентов и молодых ученых на тему "Стабилизация государственных и муниципальных финансов в условиях углубления рыночных реформ"
_f1999
_eРостов-на-Дону
_3RU\NLR\AUTH\8810024227
_9546615
801 0 _aRU
_bNLR
_c20000405
_gPSBO
801 1 _aRU
_bNLR
_c20000405
852 _aNLR
_j2000-3/1477
942 _cBOOK
980 _aNB